Ecrire "JET" et "PUNK" le plus de fois possible en 1 minute. - Statistiques

Statistiques générales
  • Ce quiz a été pris 993 fois
  • Le résultat moyen est 43 sur 120
Statistiques - réponses
Nombre de jetpunk réponse % Correct
1 JET
100%
PUNK
96%
2 JET
95%
PUNK
94%
3 JET
92%
4 JET
91%
PUNK
91%
PUNK
90%
5 JET
89%
6 JET
88%
PUNK
88%
7 JET
87%
PUNK
87%
8 JET
86%
9 JET
86%
PUNK
86%
PUNK
86%
10 JET
84%
PUNK
84%
PUNK
83%
11 JET
82%
12 JET
80%
PUNK
79%
13 JET
78%
PUNK
78%
14 JET
76%
PUNK
76%
15 JET
74%
PUNK
74%
16 JET
70%
PUNK
70%
17 JET
68%
PUNK
68%
18 JET
66%
PUNK
66%
PUNK
64%
19 JET
63%
PUNK
62%
20 JET
61%
PUNK
58%
21 JET
57%
PUNK
54%
22 JET
53%
23 JET
51%
PUNK
51%
PUNK
48%
24 JET
47%
PUNK
45%
25 JET
43%
PUNK
41%
26 JET
40%
PUNK
37%
27 JET
36%
28 JET
33%
PUNK
33%
PUNK
30%
29 JET
28%
PUNK
26%
30 JET
25%
PUNK
23%
31 JET
22%
PUNK
20%
32 JET
19%
PUNK
17%
33 JET
16%
34 JET
14%
PUNK
14%
PUNK
12%
35 JET
11%
PUNK
10%
36 JET
9%
37 JET
8%
PUNK
8%
38 JET
7%
PUNK
7%
39 JET
6%
40 JET
5%
41 JET
5%
PUNK
5%
PUNK
5%
42 JET
4%
43 JET
4%
PUNK
4%
PUNK
4%
PUNK
4%
44 JET
3%
45 JET
3%
46 JET
3%
47 JET
3%
48 JET
3%
PUNK
3%
PUNK
3%
PUNK
3%
PUNK
3%
PUNK
3%
49 JET
2%
50 JET
2%
52 JET
2%
PUNK
2%
PUNK
2%
51 JET
1%
53 JET
1%
54 JET
1%
55 JET
1%
56 JET
1%
57 JET
1%
58 JET
1%
59 JET
1%
60 JET
1%
PUNK
1%
PUNK
1%
PUNK
1%
PUNK
1%
PUNK
1%
PUNK
1%
PUNK
1%
PUNK
1%
PUNK
1%
PUNK
1%
PUNK
1%
Aucun quiz correspondant
Distribution des résultats
% des personnes avec chaque résultat
Percentile par nombre de réponses
Votre historique - résultats
Vous n’avez pas pris ce quiz